Visualizing Egypt

محفوظ في:

المؤلف الرئيسي: Paulina Banas

التنسيق: كتاب

اللغة: Undetermined

منشور في: Cairo American University in Cairo 2025

الموضوعات:

الوسوم: إضافة وسم

لا توجد وسوم, كن أول من يضع وسما على هذه التسجيلة!

رقم الطلب: On Hold

LEADER 00807nam a2200193Ia 4500
005 20260324113531.0
008 260324s9999||||xx |||||||||||||| ||und||
020 |a 978-1617976674 
050 4 |a On Hold 
100 0 |a Paulina Banas 
245 1 0 |a Visualizing Egypt  |c Paulina Banas 
264 1 |a Cairo  |b American University in Cairo  |c 2025 
300 |a  369 pages, 16 unnumbered pages of plates  |b illustrations (some color)  |c 24 cm 
650 4 |a European Travel, Book Publishing, and the Commercialization of the Middle East in the Nineteenth Century 
650 4 |a Illustrated books--Great Britain--History--19th century 
650 4 |a Travelers--Egypt--History--19th century 
650 4 |a Travelers' writings, British--History and criticism 
650 4 |a Travelers' writings, French--History and criticism 
999 |c 61924  |d 61924